| 000 | 00649nam a22002057a 4500 | ||
|---|---|---|---|
| 003 | OSt | ||
| 005 | 20251023064833.0 | ||
| 008 | 251001b |||||||| |||| 00| 0 eng d | ||
| 020 | _a978-007-127408-1. | ||
| 040 |
_aDWCL-Main lib _cOC |
||
| 082 | _aCirc. 658.5 B393o 2008 | ||
| 100 | _aBeckman, Sara L. | ||
| 245 |
_aOperations strategy : _bcompeting in the 21st century |
||
| 260 |
_aN.Y. : _bMcGraw-Hill/Irwin, _cc2008. |
||
| 300 |
_axvii, 462 pages : _billustration ; _c23 cm. |
||
| 504 | _aIncludes bibliographical references and index. | ||
| 650 | _21. Business logistics. | ||
| 700 | _aRosenfield, Donald B. | ||
| 942 |
_2ddc _cBK-CIRC _kCirc. _n0 |
||
| 999 |
_c4589 _d4589 |
||